[Event "SRB-chT3 East playoff"]
[Site "Zajecar"]
[Date "2018.09.02"]
[Round "1.4"]
[White "Zivkovic, Toplica"]
[Black "Mitic, Dragan"]
[Result "0-1"]
[WhiteElo "1915"]
[BlackElo "2079"]
[PlyCount "70"]
[EventDate "2018.09.02"]
[EventType "team-match"]
[EventRounds "1"]
[EventCountry "SRB"]
[SourceTitle "EXT 2021"]
[Source "ChessBase"]
[SourceDate "2020.10.23"]
[SourceVersion "1"]
[SourceVersionDate "2020.10.23"]
[SourceQuality "1"]

1. d4 c5 2. Nf3 Nf6 3. e3 g6 4. c4 cxd4 5. exd4 Bg7 6. Be2 0-0 7. 0-0 d5 8. c5 Bf5 9. Nc3 Ne4 10. Qb3 Nxc3 11. bxc3 Qd7 12. Bf4 Nc6 13. Rfd1 f6 14. Bg3 a6 15. a4 Rad8 16. Ra2 e6 17. Qb6 Rf7 18. Nh4 e5 19. Nxf5 gxf5 20. Bh4 Re7 21. f3 Rf8 22. a5 Bh6 23. Qb3 Be3+ 24. Bf2 exd4 25. cxd4 f4 26. Rd3 Bxf2+ 27. Kxf2 Qe6 28. Rd1 Nxd4 29. Qd3 Qe3+ 30. Kf1 Nc6 31. Qxd5+ Kh8 32. Qd6 Kg7 33. Qd2 Qxc5 34. Qd5 Qxd5 35. Rxd5 Nb4 0-1

[Event "SRB-chT3 East"]
[Site "Serbia"]
[Date "2017.10.13"]
[Round "7.5"]
[White "Bulutic, Sasa"]
[Black "Mitic, Dragan"]
[Result "1/2-1/2"]
[WhiteElo "1970"]
[BlackElo "2122"]
[PlyCount "114"]
[EventDate "2017.09.03"]
[EventType "team-tourn"]
[EventRounds "11"]
[EventCountry "SRB"]
[SourceTitle "EXT 2022"]
[Source "ChessBase"]
[SourceDate "2021.10.06"]
[SourceVersion "1"]
[SourceVersionDate "2021.10.06"]
[SourceQuality "1"]

1. e4 c5 2. Nf3 Nc6 3. Nc3 e6 4. Be2 a6 5. 0-0 Qc7 6. d4 cxd4 7. Nxd4 h6 8. Be3 b5 9. a3 Bb7 10. Nxc6 Bxc6 11. Qd2 Nf6 12. f3 Be7 13. Rad1 d5 14. exd5 Nxd5 15. Nxd5 Bxd5 16. Bd3 Bf6 17. c3 Rd8 18. Qf2 Rc8 19. Rfe1 0-0 20. Bb6 Qb7 21. Bd4 Bxd4 22. Qxd4 Rfd8 23. Bc2 Qc7 24. Qd3 g6 25. Qe3 Kg7 26. Qd4+ Kh7 27. Qf6 Rd7 28. Rd4 Qd8 29. Qxd8 Rcxd8 30. Kf2 Kg7 31. f4 Kf6 32. g3 Bc6 33. Rxd7 Rxd7 34. Rd1 Rxd1 35. Bxd1 e5 36. fxe5+ Kxe5 37. Ke3 f5 38. Be2 g5 39. c4 f4+ 40. gxf4+ gxf4+ 41. Kf2 Kd4 42. cxb5 axb5 43. h4 Ke5 44. Bf3 Be8 45. Ke2 Kd4 46. Kd2 Bd7 47. b3 Be8 48. Bd1 Ke4 49. a4 bxa4 50. bxa4 f3 51. Bc2+ Kf4 52. a5 Bc6 53. h5 Kg3 54. Bd3 Kg2 55. a6 Kf2 56. a7 Bb7 57. Bc4 Bc6 1/2-1/2

[Event "SRB-chT3 East"]
[Site "Serbia"]
[Date "2017.10.13"]
[Round "8.5"]
[White "Stevic, Dragan"]
[Black "Mitic, Dragan"]
[Result "1/2-1/2"]
[WhiteElo "1821"]
[BlackElo "2122"]
[PlyCount "142"]
[EventDate "2017.09.03"]
[EventType "team-tourn"]
[EventRounds "11"]
[EventCountry "SRB"]
[SourceTitle "EXT 2022"]
[Source "ChessBase"]
[SourceDate "2021.10.06"]
[SourceVersion "1"]
[SourceVersionDate "2021.10.06"]
[SourceQuality "1"]

1. d4 Nf6 2. c4 e5 3. dxe5 Ng4 4. e4 Nxe5 5. f4 Nec6 6. Nf3 Bb4+ 7. Bd2 Qe7 8. Bd3 Qd6 9. Qe2 Qxf4 10. 0-0 Bxd2 11. Nbxd2 0-0 12. Rad1 Ne5 13. Nxe5 Qxe5 14. Nf3 Qc5+ 15. Kh1 d6 16. Bb1 Be6 17. b3 Nc6 18. Qd2 h6 19. Nh4 Qg5 20. Qxg5 hxg5 21. Nf3 f6 22. Nd4 Bg4 23. Rd2 Ne5 24. h3 Bh5 25. g4 Bg6 26. Nf5 Rae8 27. Kg2 b6 28. Kg3 Nd7 29. h4 gxh4+ 30. Kxh4 Nc5 31. Re1 Kf7 32. Rde2 Rh8+ 33. Kg3 Ne6 34. Nh4 Bh7 35. Nf3 g5 36. Rh2 Bg6 37. Reh1 Rxh2 38. Rxh2 Nc5 39. Nd2 a5 40. Kf3 Nd7 41. a3 Ne5+ 42. Kg3 Kg7 43. Nf3 Nc6 44. Re2 Bf7 45. Bd3 Be6 46. Rh2 Ne5 47. Nxe5 dxe5 48. a4 Rd8 49. Rd2 Kf7 50. Rd1 Ke7 51. Be2 Rxd1 52. Bxd1 Kd6 53. Kf2 Kc5 54. Ke3 c6 55. Kd3 Kb4 56. Kd2 Bd7 57. Kc2 b5 58. axb5 cxb5 59. cxb5 Bxb5 60. Kb2 Bf1 61. Kc2 Ba6 62. Bf3 Bc8 63. Kb2 a4 64. bxa4 Kc4 65. Kc2 Kd4 66. Kd2 Ba6 67. a5 Bb7 68. Bg2 Kc5 69. a6 Bc8 70. a7 Bb7 71. Kd3 Kb6 1/2-1/2

[Event "SRB-chT3 East CS"]
[Site "Kladovo"]
[Date "2016.10.14"]
[Round "7.52"]
[White "Mitic, Dragan"]
[Black "Cvetanovic, Uros"]
[Result "0-1"]
[WhiteElo "2129"]
[BlackElo "2247"]
[PlyCount "34"]
[EventDate "2016.09.04"]
[EventType "team-tourn"]
[EventRounds "11"]
[EventCountry "SRB"]
[SourceTitle "EXT 2021"]
[Source "ChessBase"]
[SourceDate "2020.10.23"]
[SourceVersion "1"]
[SourceVersionDate "2020.10.23"]
[SourceQuality "1"]

1. e4 c5 2. b4 cxb4 3. Bc4 e6 4. a3 bxa3 5. Bxa3 Bxa3 6. Rxa3 Nc6 7. Nf3 d5 8. exd5 exd5 9. Bb5 Nge7 10. 0-0 0-0 11. Nc3 Qd6 12. Qc1 Bg4 13. Be2 Ng6 14. Nb5 Qf6 15. Re1 a6 16. Qa1 Qxa1 17. Rexa1 Rae8 0-1

[Event "SRB-chT2 East CS"]
[Site "Serbia"]
[Date "2012.09.15"]
[Round "2.41"]
[White "Garic, Radomir"]
[Black "Mitic, Dragan"]
[Result "1-0"]
[WhiteElo "2251"]
[BlackElo "2151"]
[PlyCount "94"]
[EventDate "2012.09.14"]
[EventType "team"]
[EventRounds "9"]
[EventCountry "SRB"]
[SourceTitle "EXT 2015"]
[Source "ChessBase"]
[SourceDate "2014.11.20"]
[SourceVersion "1"]
[SourceVersionDate "2014.11.20"]
[SourceQuality "1"]

1. e4 c5 2. Nf3 Nc6 3. Bb5 Qb6 4. Nc3 Nd4 5. Bc4 e6 6. 0-0 Be7 7. d3 a6 8. Nxd4 cxd4 9. Ne2 d6 10. c3 dxc3 11. Nxc3 Nf6 12. Bb3 Bd7 13. Be3 Qd8 14. d4 Bc6 15. d5 exd5 16. Bxd5 Nxd5 17. Nxd5 0-0 18. Qb3 Re8 19. Rad1 Bf8 20. f3 Re5 21. Rf2 Qa5 22. Rfd2 Bxd5 23. Rxd5 Rxd5 24. Qxd5 Qxd5 25. Rxd5 Rc8 26. Rd2 f6 27. Kf2 Kf7 28. Ke2 Ke6 29. Kd1 Rc6 30. Rd5 g6 31. g4 Be7 32. Kd2 Bd8 33. Kd3 Bb6 34. Bf4 Bf2 35. a4 g5 36. Bd2 Bg1 37. h4 h6 38. f4 gxh4 39. Rh5 Bf2 40. Rxh6 d5 41. e5 Kf7 42. exf6 Rxf6 43. Rh7+ Kg8 44. Rh5 Rf7 45. f5 Rh7 46. Rxh7 Kxh7 47. Bc3 h3 1-0

[Event "SRB-chT3 Liga Ost CS"]
[Site "Serbia"]
[Date "2011.10.02"]
[Round "4"]
[White "Mitic, Dragan"]
[Black "Modric, Nesa"]
[Result "1/2-1/2"]
[WhiteElo "2087"]
[BlackElo "2236"]
[PlyCount "56"]
[EventDate "2011.09.11"]
[EventType "team"]
[EventRounds "11"]
[EventCountry "SRB"]
[SourceTitle "EXT 2015"]
[Source "ChessBase"]
[SourceDate "2014.11.20"]
[SourceVersion "1"]
[SourceVersionDate "2014.11.20"]
[SourceQuality "1"]

1. e4 Nc6 2. d4 e5 3. dxe5 Nxe5 4. Nf3 Qf6 5. Nxe5 Qxe5 6. Qd5 Qxd5 7. exd5 Nf6 8. c4 c6 9. Bg5 Bb4+ 10. Nd2 Bxd2+ 11. Bxd2 cxd5 12. Bb4 dxc4 13. Bxc4 d5 14. Bd3 Bd7 15. 0-0 Kd8 16. Rfe1 Re8 17. Rxe8+ Kxe8 18. Re1+ Be6 19. f4 Ne4 20. Bxe4 dxe4 21. Rxe4 g6 22. a3 Rd8 23. Kf2 Rd1 24. Re1 Rd4 25. g3 Rd5 26. Re2 Kd7 27. Rd2 Kc6 28. Rxd5 Kxd5 1/2-1/2